[Event "AUTO-OPEN-3136"]
[Site "http://www.queenalice.com/game.php?id=1238085"]
[Date "2013.12.6"]
[Round "1"]
[White "mapers"]
[Black "chessxtime"]
[Result "1-0"]
[WhiteElo "1720"]
[BlackElo "1479"]

1. e4 e5 2. Nf3 Bc5 3. g3 Nf6 4. Nxe5 Nxe4 5. d4 Bb4+ 6. Bd2 Na6 7. a3 Bd6 8. f3
f6 9. fxe4 c5 10. Bc4 Nc7 11. Qh5+ Ke7 12. Qf7# 1-0

[Event "AUTO-OPEN-3136"]
[Site "http://www.queenalice.com/game.php?id=1238086"]
[Date "2013.12.6"]
[Round "1"]
[White "chessxtime"]
[Black "mapers"]
[Result "0-1"]
[WhiteElo "1470"]
[BlackElo "1686"]

1. e4 e5 2. Bc4 Nc6 3. Qh5 g6 4. Qf3 f6 5. Nc3 Nb4 6. Kd1 Ne7 7. d3 d5 8. Bxd5
Nexd5 9. a3 Nxc3+ 10. bxc3 Na6 11. Ne2 Be6 12. h3 Nc5 13. Rb1 Qd7 14. Qxf6 Rg8
15. Qxe5 b6 16. Qg3 Nxe4 17. Ke1 Nxg3 18. fxg3 Bd5 19. Rf1 O-O-O 20. c4 Bxg2 21.
Rf2 Bxh3 22. Rb5 Bc5 23. d4 Bxd4 0-1

[Event "AUTO-OPEN-3136"]
[Site "http://www.queenalice.com/game.php?id=1238087"]
[Date "2013.12.6"]
[Round "1"]
[White "mapers"]
[Black "Aspayne"]
[Result "0-1"]
[WhiteElo "1729"]
[BlackElo "1904"]

1. e4 c6 2. Nf3 d5 3. d3 dxe4 4. dxe4 Qxd1+ 5. Kxd1 Bg4 6. Nc3 Nd7 7. b4 Ne5 8.
Be2 O-O-O+ 9. Ke1 Bxf3 10. gxf3 g6 11. f4 Nd7 12. Bc4 e6 13. Be3 Bg7 14. e5 Nb6
15. Bd3 Ne7 16. Bc5 Ned5 17. Nxd5 Nxd5 18. Bxa7 Nxf4 19. Be4 Bxe5 20. Rd1 Bc3+
21. Rd2 Bxd2+ 22. Kf1 Bxb4 23. Bf3 Rd7 24. Be3 Nd5 25. Bc1 Rhd8 26. Kg2 Nf6 27.
Bg5 Be7 28. Re1 Nd5 29. Bd2 Nc7 30. Ba5 Rd1 31. Bxd1 Bc5 32. Re2 b6 33. Bc3 Rxd1
34. Be5 Nd5 35. c4 Nb4 36. a3 Nd3 37. Bg3 Rc1 38. Rd2 Ne1+ 39. Kh3 Rxc4 40. Bd6
Rc3+ 41. Bg3 f5 42. Re2 Nd3 43. Kg2 f4 44. Rxe6 fxg3 45. Re8+ Kd7 46. Re2 Nf4+
0-1

[Event "AUTO-OPEN-3136"]
[Site "http://www.queenalice.com/game.php?id=1238088"]
[Date "2013.12.6"]
[Round "1"]
[White "Aspayne"]
[Black "mapers"]
[Result "0-1"]
[WhiteElo "1882"]
[BlackElo "1706"]

1. e4 e5 2. Nf3 d6 3. d4 Nc6 4. dxe5 dxe5 5. Qxd8+ Kxd8 6. Bd2 Bc5 7. Be2 Nf6 8.
Nc3 h6 9. O-O-O Ke8 10. Bb5 Bd7 11. Nd5 Rc8 12. Nxf6+ gxf6 13. Rhf1 a6 14. Be2
Rg8 15. Nh4 Nd4 16. Bc4 b5 17. Bd3 h5 18. g3 Bg4 19. f3 Bh3 20. c3 Bxf1 21. Bxf1
Ne6 22. Nf5 Ng5 23. Bg2 Ne6 24. b4 Bb6 25. Bh3 Rd8 26. Kc2 Rd7 27. f4 c5 28. Be3
Rxd1 29. Kxd1 exf4 30. gxf4 a5 31. Nd6+ Kd7 32. Nxf7 axb4 33. cxb4 Bc7 34. e5
fxe5 35. Nxe5+ Kd6 36. bxc5+ Nxc5 37. Kc2 Ne4 38. Bf1 Rc8 39. Kb3 Ba5 0-1

[Event "Challenge"]
[Site "http://www.queenalice.com/game.php?id=1253865"]
[Date "2014.2.4"]
[Round "-"]
[White "mapers"]
[Black "pizzaiolo72"]
[Result "0-1"]
[WhiteElo "1726"]
[BlackElo "1995"]

1. e4 c5 2. c4 Nc6 3. Nf3 d6 4. Nc3 Nf6 5. d3 Bg4 6. Be2 g6 7. h3 Bxf3 8. Bxf3
Nd4 9. Qa4+ Qd7 10. e5 Qxa4 11. Nxa4 Nc2+ 12. Kd1 Nxa1 13. Bxb7 Rb8 14. Bc6+ Nd7
15. exd6 exd6 16. Re1+ Kd8 17. Bg5+ Kc7 18. Bd5 Bg7 19. Re7 h6 20. Bf4 g5 21.
Bg3 Bxb2 22. Nxb2 Rxb2 23. Kc1 Rhb8 24. Rxf7 Rc2+ 25. Kd1 Rb1# 0-1

[Event "Challenge"]
[Site "http://www.queenalice.com/game.php?id=1254537"]
[Date "2014.2.7"]
[Round "-"]
[White "Guilhermerocha"]
[Black "mapers"]
[Result "0-1"]
[WhiteElo "1667"]
[BlackElo "1721"]

1. c4 c5 2. Nc3 Nf6 3. g3 d6 4. Qa4+ Bd7 5. Qb3 b6 6. Nf3 Nc6 7. Bg2 h6 8. O-O
e6 9. Re1 Na5 10. Qc2 Nxc4 11. b3 Ne5 12. Nxe5 dxe5 13. Bxa8 Qxa8 14. Bb2 Nd5
15. Nxd5 Qxd5 16. e4 Qc6 17. Bxe5 f6 18. Bf4 e5 19. Be3 Bc8 20. Red1 Bg4 21.
Rdc1 Be7 22. d4 exd4 23. Bxd4 O-O 24. b4 Rc8 25. bxc5 bxc5 26. e5 Bh3 27. f4 Qd5
28. Qc4 Be6 29. Qxd5 Bxd5 30. Bf2 f5 31. Rc3 c4 32. Bxa7 Bb4 33. Re3 c3 34. e6
Rc7 35. Rb1 c2 36. Rc1 Rxa7 37. Rxc2 Ra8 38. Rb3 Bxb3 39. axb3 Ra1+ 40. Kf2 Re1
41. Rc4 Bd2 42. Rc8+ Kh7 43. Rc2 Bb4 44. Rc4 Bd2 45. Rd4 Bc3 46. Rd3 Bb4 47. Re3
Rxe3 48. Kxe3 Kg6 49. Kd4 Kf6 50. Kc4 Ba3 51. b4 Kxe6 52. b5 Kd6 53. h3 Bc1 54.
b6 Kc6 55. g4 Bxf4 56. gxf5 Bg5 57. Kd4 Kxb6 58. Ke4 Kc6 59. Ke5 Kd7 60. Ke4 Ke7
61. Ke5 Bf6+ 62. Ke4 Kd6 63. Kf4 Kd5 64. Kg4 Ke5 65. h4 Ke4 66. h5 Ke3 67. Kh3
Kf4 0-1

[Event "Challenge"]
[Site "http://www.queenalice.com/game.php?id=1255331"]
[Date "2014.2.10"]
[Round "-"]
[White "Cavalier64"]
[Black "mapers"]
[Result "1-0"]
[WhiteElo "2023"]
[BlackElo "1714"]

1. e4 e5 2. f4 Qh4+ 3. g3 Qh6 4. fxe5 Nc6 5. d4 Qe6 6. d5 Qxe5 7. dxc6 Qxe4+ 8.
Qe2 Qxe2+ 9. Nxe2 dxc6 10. Bg2 Bb4+ 11. c3 Bd6 12. Nd2 Nf6 13. Nc4 Bc5 14. Bg5
Ng4 15. b4 Bf2+ 16. Kf1 f6 17. Bd2 Be6 18. Nb2 O-O-O 19. Bf4 g5 20. h3 gxf4 21.
hxg4 fxg3 22. Nd1 Bb6 23. Nxg3 Bc4+ 24. Ne2 Rd2 25. Bf3 a5 26. Ke1 Rd3 27. Be4
Bd5 28. Rxh7 Rxh7 29. Bxh7 Rf3 30. Kd2 axb4 31. cxb4 c5 32. Ne3 Bf7 33. Be4 1-0

[Event "Challenge"]
[Site "http://www.queenalice.com/game.php?id=1255332"]
[Date "2014.2.10"]
[Round "-"]
[White "Cavalier64"]
[Black "mapers"]
[Result "1-0"]
[WhiteElo "2000"]
[BlackElo "1714"]

1. e4 e5 2. f4 Nc6 3. Nf3 d6 4. Bc4 Be6 5. Bxe6 fxe6 6. fxe5 dxe5 7. O-O Nd4 8.
Nxe5 Nh6 9. c3 Bc5 10. Kh1 Nc6 11. Nxc6 bxc6 12. Qh5+ Kd7 13. Qxc5 Qh4 14. Qd4+
Kc8 15. d3 Ng4 16. h3 e5 17. Qc5 h5 18. Be3 Qg3 19. Bg1 Qxd3 20. Na3 Qxe4 21.
Rae1 Qg6 22. Rf8+ Rxf8 23. Qxf8+ Kb7 24. Qb4+ Kc8 25. hxg4 hxg4 26. g3 Rb8 27.
Qe4 Qh5+ 28. Bh2 Rxb2 29. Re2 Rxe2 30. Qxe2 Qh3 31. Nc4 e4 32. Ne5 e3 33. Kg1
Qh7 34. Qxg4+ Kb7 35. Qg6 Qxg6 36. Nxg6 e2 37. Kf2 e1=Q+ 38. Kxe1 c5 39. g4 Kc6
40. Be5 Kd7 41. Bxg7 Ke6 42. Nf4+ 1-0

[Event "Challenge"]
[Site "http://www.queenalice.com/game.php?id=1258156"]
[Date "2014.2.19"]
[Round "-"]
[White "sss"]
[Black "mapers"]
[Result "1-0"]
[WhiteElo "1425"]
[BlackElo "1714"]

1. e4 e5 2. Nf3 Nc6 3. Bb5 Nf6 4. d3 d6 5. Bxc6+ bxc6 6. h3 h6 7. Nc3 c5 8. O-O
a6 9. a3 c6 10. b4 cxb4 11. axb4 Qb6 12. Nh2 Qxb4 13. Bd2 Qd4 14. Qf3 c5 15. Ne2
Qb2 16. Rfc1 Be7 17. Rcb1 Qxc2 18. Nf1 g5 19. Nc3 g4 20. Qe3 Ng8 21. Ra2 Bg5 22.
Rxc2 Bxe3 23. Bxe3 f5 24. exf5 Bxf5 25. Nd5 Kd8 26. Rb7 a5 27. Rcb2 Bxd3 28.
R2b6 Ba6 29. Rxd6+ Kc8 30. Rc7+ Kb8 31. Rd8+ Bc8 32. Rdxc8# 1-0

[Event "Challenge"]
[Site "http://www.queenalice.com/game.php?id=1258518"]
[Date "2014.2.20"]
[Round "-"]
[White "Guilhermerocha"]
[Black "mapers"]
[Result "1-0"]
[WhiteElo "1618"]
[BlackElo "1735"]

1. d4 d5 2. c4 dxc4 3. e4 Qd6 4. Bxc4 Qb4+ 5. Nd2 b5 6. Bd5 c6 7. Qc2 e6 8.
Bxc6+ Nxc6 9. Qxc6+ Kd8 10. Qxa8 Qxd4 11. Ne2 Qb6 12. O-O Bc5 13. Nb3 Qb7 14.
Rd1+ Kc7 15. Qxb7+ Bxb7 16. Nxc5 Bc6 17. Bf4+ Kb6 18. b4 Ne7 19. Rd6 Nc8 20. e5
Nxd6 21. exd6 a5 22. d7 axb4 23. Rd1 Rd8 24. Be3 Kc7 25. Na6+ Kb7 26. Nxb4 Be4
27. f3 Bg6 28. Nf4 Kc7 29. Nxg6 hxg6 30. Na6+ Kb7 31. Nc5+ Kc6 32. Rc1 Kd5 33.
Rd1+ Kc6 34. Nxe6 Rxd7 35. Rxd7 Kxd7 36. Nxg7 Ke7 37. h4 Kf8 38. Bd4 b4 39. g4
1-0

[Event "Challenge"]
[Site "http://www.queenalice.com/game.php?id=1260317"]
[Date "2014.2.26"]
[Round "-"]
[White "mapers"]
[Black "pizzaiolo72"]
[Result "0-1"]
[WhiteElo "1693"]
[BlackElo "1946"]

1. e4 c5 2. Nc3 Nc6 3. Bc4 Nf6 4. d3 d6 5. f3 Na5 6. Bb5+ Bd7 7. a4 a6 8. Bxd7+
Qxd7 9. b3 b5 10. Nh3 b4 11. Nd5 Nxd5 12. exd5 e6 13. Qe2 O-O-O 14. dxe6 Qxe6
15. Bd2 Qxe2+ 16. Kxe2 d5 17. Rae1 Bd6 18. g3 c4 19. dxc4 dxc4 20. Ng5 Rd7 21.
Kf2 Bc5+ 22. Kg2 Rxd2+ 23. Kh3 Rxc2 24. Nxf7 Rf8 25. bxc4 Rxf7 26. Re8+ Kb7 27.
f4 Nxc4 28. Rd1 Rd2 29. Rc1 Rd4 30. Kg4 b3 31. Rc3 b2 32. Rb3+ Kc7 33. Reb8 Na5
34. Rxb2 Rxa4 35. Ra8 Nc4 36. Rb1 Rf8 37. Rxf8 Bxf8 38. Rc1 g6 39. h4 Kd7 40.
Rd1+ Ke6 41. Rd8 h5+ 42. Kh3 Be7 43. Rh8 Ne3 44. Rh6 Kf6 45. g4 Nxg4 0-1

[Event "Challenge"]
[Site "http://www.queenalice.com/game.php?id=1281513"]
[Date "2014.5.13"]
[Round "-"]
[White "pizzaiolo72"]
[Black "mapers"]
[Result "1-0"]
[WhiteElo "2021"]
[BlackElo "1687"]

1. g4 e5 2. Bg2 d5 3. c4 c6 4. cxd5 cxd5 5. Qa4+ Nc6 6. Nf3 Bxg4 7. Qxg4 e4 8.
Nh4 Nf6 9. Qg5 h6 10. Qg3 Nb4 11. Na3 Qc8 12. O-O g5 13. Qe5+ Qe6 14. Qxe6+ fxe6
15. Ng6 Rg8 16. Nxf8 Rxf8 17. Nb5 O-O-O 18. Nxa7+ Kd7 19. a3 Nc2 20. Ra2 Ra8 21.
Nb5 Ra5 22. Nc3 b5 23. b4 Nxb4 24. axb4 Rxa2 25. Nxa2 Ra8 26. Nc3 Kc6 27. d3
exd3 28. exd3 Kb6 29. Be3+ 1-0

[Event "AUTO-ADV-3214"]
[Site "http://www.queenalice.com/game.php?id=1301316"]
[Date "2014.8.13"]
[Round "1"]
[White "CocorickO"]
[Black "mapers"]
[Result "1-0"]
[WhiteElo "1802"]
[BlackElo "1654"]

1. e4 e5 2. Nf3 Nc6 3. Bb5 d5 4. Nxe5 Bd7 5. Nxc6 bxc6 6. Ba4 Qe7 7. d3 d4 8.
Bd2 Qh4 9. g3 Qh3 10. Ba5 Qg2 11. Rf1 O-O-O 12. c3 Bh3 13. Qe2 Nf6 14. Bxc6 Qxh2
15. e5 Ng4 16. e6 Rd6 17. Bd7+ Kb8 18. e7 Rxd7 19. e8=Q+ Kb7 20. Qxd7 Bd6 21.
Qxf7 Rf8 22. Qd5+ Kc8 23. Qa8+ Kd7 24. Qxa7 Nxf2 25. Rxf2 Qg1+ 26. Kd2 Rxf2 27.
Qxf2 Qxf2+ 28. Kc1 Qe1+ 29. Kc2 Qe2+ 30. Nd2 Bf5 31. Qxd4 Ke6 32. Qc4+ Kf6 33.
Qh4+ Ke6 34. Qc4+ Kf6 35. Qd4+ Kf7 36. Rf1 Qh5 37. g4 Qxg4 38. Qxg4 g6 39. Qc4+
Kg7 40. Bxc7 1-0

[Event "AUTO-ADV-3214"]
[Site "http://www.queenalice.com/game.php?id=1301317"]
[Date "2014.8.13"]
[Round "1"]
[White "mapers"]
[Black "CocorickO"]
[Result "0-1"]
[WhiteElo "1664"]
[BlackElo "1804"]

1. e4 e5 2. Nf3 d6 3. Nc3 Bg4 4. Be2 h5 5. h3 Bxf3 6. Bxf3 Nf6 7. Nd5 Nxd5 8.
exd5 g6 9. d3 Nd7 10. b4 c6 11. dxc6 bxc6 12. Bxc6 Rb8 13. c3 Qc7 14. Qa4 Be7
15. Be3 O-O 16. Bxd7 Qxc3+ 17. Bd2 Qxa1+ 18. Qd1 Qxa2 19. O-O d5 20. Re1 Bxb4
21. Bxb4 Rxb4 22. g4 hxg4 23. Rxe5 Rb1 24. Qxb1 Qxb1+ 25. Kg2 Qxd3 26. Bxg4 Kg7
27. Re7 Qa3 28. Rd7 Qc5 29. Bf3 d4 30. Kg3 g5 31. Kg4 Kf6 32. Be4 Qe5 33. Bd3
Qf4+ 34. Kh5 Qh4# 0-1

[Event "AUTO-ADV-3214"]
[Site "http://www.queenalice.com/game.php?id=1301332"]
[Date "2014.8.13"]
[Round "1"]
[White "Ajunior"]
[Black "mapers"]
[Result "1-0"]
[WhiteElo "1642"]
[BlackElo "1684"]

1. b4 e5 2. Bb2 Nc6 3. b5 Nd4 4. e4 d5 5. exd5 Nxb5 6. Bxb5+ Bd7 7. Qe2 a6 8.
Bxd7+ Qxd7 9. Qxe5+ Ne7 10. c4 O-O-O 11. Ne2 Qa4 12. Qc3 Nf5 13. Qb3 Qd7 14. Na3
Qe7 15. Qd3 Re8 16. Qxf5+ Kb8 17. Qd3 h5 18. Nc2 g5 19. Bxh8 f6 20. Ne3 Qb4 21.
Bxf6 Qb2 22. Bxb2 1-0

[Event "AUTO-ADV-3214"]
[Site "http://www.queenalice.com/game.php?id=1301333"]
[Date "2014.8.13"]
[Round "1"]
[White "mapers"]
[Black "Ajunior"]
[Result "0-1"]
[WhiteElo "1678"]
[BlackElo "1688"]

1. e4 c5 2. Nf3 d6 3. d4 cxd4 4. Qxd4 Nc6 5. Qd5 Nf6 6. Qc4 g6 7. Ng5 e6 8. Nc3
Bd7 9. Qb5 Nd4 10. Qd3 e5 11. Nd5 Rc8 12. c3 Ne6 13. Qf3 Bg7 14. h4 h6 15. Nxf6+
Bxf6 16. Nxe6 Bxe6 17. Bb5+ Kf8 18. Be3 a6 19. Bd3 h5 20. Qd1 Kg7 21. g3 d5 22.
Qa4 Re8 23. O-O Bd7 24. Qb4 Bc6 25. Bb6 Qd7 26. Rad1 Qg4 27. Rfe1 Be7 28. Bc5
Bxc5 29. Qxc5 Ba4 30. Qd6 Bxd1 31. Qxd5 Rcd8 32. Qc4 Bf3 33. Bf1 Rd2 34. Qb3
Red8 35. Bg2 Bxg2 36. Kxg2 Rxf2+ 37. Kxf2 Rd2+ 38. Ke3 Qd7 39. Re2 Qd3+ 40. Kf2
Qxe2+ 41. Kg1 Qg2# 0-1

[Event "AUTO-ADV-3214"]
[Site "http://www.queenalice.com/game.php?id=1301342"]
[Date "2014.8.13"]
[Round "1"]
[White "B07109"]
[Black "mapers"]
[Result "1-0"]
[WhiteElo "2133"]
[BlackElo "1680"]

1. Nf3 d5 2. g3 Nc6 3. d4 Bf5 4. Bg2 Be4 5. Nbd2 Bf5 6. c3 b5 7. e4 dxe4 8. Nh4
Be6 9. Nxe4 Bd5 10. Nf5 g6 11. Ne3 Nf6 12. Nxf6+ exf6 13. Nxd5 Qd7 14. Nxf6+ Ke7
15. Nxd7 Kxd7 16. Qf3 Re8+ 17. Be3 f5 18. Qxc6+ Kd8 19. O-O h5 20. Bg5+ Be7 21.
Qd5+ Kc8 22. Qe6+ Kd8 23. Bc6 Bxg5 24. Qd7# 1-0

[Event "AUTO-ADV-3214"]
[Site "http://www.queenalice.com/game.php?id=1301343"]
[Date "2014.8.13"]
[Round "1"]
[White "mapers"]
[Black "B07109"]
[Result "0-1"]
[WhiteElo "1666"]
[BlackElo "2110"]

1. e4 d6 2. Nf3 Nf6 3. Nc3 e5 4. d4 Nbd7 5. d5 Nc5 6. Bb5+ Bd7 7. Qe2 c6 8. dxc6
bxc6 9. Ba6 Ncxe4 10. Nxe4 Nxe4 11. Qxe4 Qa5+ 12. Bd2 Qxa6 13. c3 Be6 14. Nxe5
dxe5 15. Qxe5 O-O-O 16. Bg5 Rd5 17. Qe3 Bc5 18. Qf4 Re8 19. Qe4 Bd7 20. Qxe8+
Bxe8 21. Rd1 Rxg5 0-1

[Event "Challenge"]
[Site "http://www.queenalice.com/game.php?id=1303846"]
[Date "2014.8.24"]
[Round "-"]
[White "JORAM2205"]
[Black "mapers"]
[Result "0-1"]
[WhiteElo "1660"]
[BlackElo "1664"]

1. e4 e5 2. Nf3 Nc6 3. d4 Nxd4 4. Nxe5 Bc5 5. Bd3 d6 6. Nc4 Qe7 7. O-O Nf6 8.
Re1 Ng4 9. Qd2 Nf3+ 10. gxf3 Nxf2 11. Ne3 Qg5+ 12. Kf1 Bh3+ 13. Ke2 O-O 14. Kxf2
Bxe3+ 15. Rxe3 Qg2+ 16. Ke1 Qg1+ 17. Bf1 Qxf1# 0-1

[Event "Challenge"]
[Site "http://www.queenalice.com/game.php?id=1304752"]
[Date "2014.8.28"]
[Round "-"]
[White "Rogerio11"]
[Black "mapers"]
[Result "0-1"]
[WhiteElo "1243"]
[BlackElo "1662"]

1. e4 e5 2. Bc4 Nf6 3. d3 h6 4. a4 a6 5. c3 c5 6. b4 d6 7. bxc5 dxc5 8. d4 Nc6
9. Nf3 Nxe4 10. O-O Bg4 11. h3 Bh5 12. dxc5 Bxc5 13. Kh2 Qf6 14. g4 Nxf2 15. Qe2
Bxg4 16. hxg4 Nxg4+ 17. Kg3 Qg6 18. Qd3 Ne3+ 19. Kf2 Nxc4+ 20. Ke1 Qxd3 21. Ra2
Qxb1 22. Re2 Qxc1# 0-1

[Event "Challenge"]
[Site "http://www.queenalice.com/game.php?id=1308811"]
[Date "2014.9.17"]
[Round "-"]
[White "Rogerio11"]
[Black "mapers"]
[Result "0-1"]
[WhiteElo "1232"]
[BlackElo "1644"]

1. e4 e5 2. Bc4 Nf6 3. Nf3 Nc6 4. d3 Bb4+ 5. c3 Bc5 6. d4 exd4 7. cxd4 Bb4+ 8.
Nbd2 d6 9. d5 Na5 10. a3 Nxc4 11. b3 Bc3 12. Rb1 Nxe4 13. bxc4 Qe7 14. O-O Bg4
15. Nxe4 O-O-O 16. Nxc3 Rhe8 17. Qd4 Bf5 18. Ng5 c5 19. Qxg7 Bxb1 20. Nxb1 Rg8
21. Qxh7 Rde8 22. Ne4 Qxe4 23. Qh3+ Kb8 24. Nc3 Qxc4 25. Qf3 f5 26. Qxf5 Re5 27.
Qh7 Rge8 28. h3 Qxc3 29. Bf4 Rxd5 30. Qf7 Rde5 31. a4 R5e6 32. Bxd6+ Ka8 33. Rb1
Re1+ 34. Rxe1 Qxe1+ 35. Kh2 Qe6 36. Qf4 Qd5 37. Bc7 Rg8 38. g3 a6 0-1

[Event "Challenge"]
[Site "http://www.queenalice.com/game.php?id=1313286"]
[Date "2014.10.7"]
[Round "-"]
[White "JORAM2205"]
[Black "mapers"]
[Result "1-0"]
[WhiteElo "1718"]
[BlackElo "1646"]

1. e4 e5 2. Nf3 Nc6 3. d3 d6 4. Nc3 Nd4 5. Nxd4 exd4 6. Ne2 c5 7. c4 dxc3 8.
Nxc3 Nf6 9. h3 h5 10. Bg5 Qa5 11. Be2 Be6 12. Qc2 Be7 13. a3 b5 14. O-O c4 15.
Bf4 cxd3 16. Bxd3 Bc4 17. e5 Nd5 18. Rfe1 O-O-O 19. Nxd5 Kb8 20. Nxe7 Qa6 21.
exd6 Rh6 22. d7+ Rd6 23. Bxd6+ Qxd6 24. Re3 Qxd7 25. Rd1 Qc7 26. b3 Bxd3 27.
Qxc7+ Kxc7 28. Rc1+ Kb7 29. Nc6 Rd6 30. Nb4 Bf5 31. Re7+ Bd7 32. Rxf7 Kb6 33.
Rxg7 a5 34. Na2 Bc6 35. f4 Rf6 36. Rf1 Bd5 37. Nc1 Rc6 38. f5 Rf6 39. Rd7 Be4
40. g4 hxg4 41. hxg4 Rh6 42. Kf2 Kc6 43. Rd4 Bd5 44. Ne2 Bxb3 45. Rc1+ Kb6 46.
Nc3 Rc6 47. g5 Rc4 48. Rd6+ Rc6 49. Rd8 Kc7 50. Rd2 Kb6 51. f6 Ka6 52. Rb2 Bc4
53. Ne4 Bd5 54. Rxc6+ Bxc6 55. Nd6 1-0

[Event "Challenge"]
[Site "http://www.queenalice.com/game.php?id=1330787"]
[Date "2014.12.26"]
[Round "-"]
[White "HugosPaynos"]
[Black "mapers"]
[Result "1-0"]
[WhiteElo "1100"]
[BlackElo "1633"]

1. Nf3 e5 2. Nxe5 Qe7 3. Nf3 Nf6 4. d4 h6 5. h3 Nc6 6. e3 d6 7. a3 a6 8. c4 Bd7
9. Nc3 O-O-O 10. Bd3 Na5 11. Bd2 b6 12. Nd5 Nxd5 13. Bxa5 bxa5 14. cxd5 Bb5 15.
a4 Bxd3 16. Qxd3 Kd7 17. Qxa6 Qe4 18. Qc6+ Kc8 19. Rc1 Rd7 20. Qa8# 1-0

[Event "Challenge"]
[Site "http://www.queenalice.com/game.php?id=1347336"]
[Date "2015.3.14"]
[Round "-"]
[White "tucuman"]
[Black "mapers"]
[Result "0-1"]
[WhiteElo "1694"]
[BlackElo "1633"]

1. b3 c5 2. d3 Nc6 3. e3 d5 4. Bb2 e5 5. Nd2 Qa5 6. c3 Nf6 7. h3 Be7 8. Ne2 g5
9. d4 h5 10. dxe5 Nxe5 11. g3 Nd3# 0-1